000 00839nam a22002777a 4500
001 9373
003 FISKH
005 20251216091723.0
008 251216b cb ||||| |||| 00| 0 eng d
020 _a0679820337
040 _aFISKH
_beng
_cFISKH
_dFISKH
050 _aPZ7.H67143 H
082 _a813.6
100 _aHoest, Bunny
_eAuthor
245 _aHoward huge comes to stay /
_cby Bunny Hoest ; illustrated by John Reiner
260 _aNew York :
_bRandom House ,
_c1992
300 _a32 unnumbered pages :
_bcolor illustrations ;
_c21 cm
505 _aG
520 _aJason and Jennifer find a huge puppy and try to hide him from their parents.
521 8 _a400
_bLexile estimate
521 8 _aG
_bRaz-Plus
650 _aDogs
_vFiction
700 _aReiner, John
_eIllustrator
942 _2ddc
_cBK
_n0
999 _c9373
_d9373